Municipios de Islas Baleares (con un mapa) - Estadísticas

Estadísticas generales
  • Esta prueba ha sido intentada 4.220 veces
    864 desde el último reinicio
  • La puntuación promedio es 27 de 67
Respuestas en el mapa
Las respuestas están codificadas por una escala verde-roja en el mapa de la prueba según el % correcto abajo.
 
Estadísticas de respuestas
Municipio % Correcto
Palma de Mallorca
95%
Ciutadella de Menorca
86%
Eivissa
86%
Maó-Mahón
76%
Formentera
75%
Manacor
75%
Alcúdia
60%
Inca
56%
Pollença
56%
Sóller
54%
Calviá
51%
Llucmajor
50%
Andratx
49%
Sant Antoni de Portmany
47%
Felanitx
45%
Santa Eulália des Rius
45%
Marratxí
43%
Sant Joa de Labritja
43%
Valldemossa
43%
Santa María del Camí
42%
Artá
41%
Campos
41%
Sa Pobla
39%
Santanyí
38%
Capdepera
36%
Deiá
36%
Binissalem
35%
Muro
35%
Porreres
35%
Santa Margalida
35%
Sant Josep de sa Talaia
35%
Sineu
35%
Alaró
34%
Petra
34%
Alaior
33%
Bunyola
33%
Sant Llorenç des Cardassar
33%
Son Servera
33%
Algaida
32%
Banyalbufar
32%
Escorca
32%
Es Mercadal
32%
Esporles
32%
Ferreries
32%
Lloseta
32%
Sant Joan
32%
Ses Salines
32%
Vilafranca de Bonany
32%
Estellencs
31%
Fornalutx
31%
Llubí
31%
Mancor de la Vall
31%
Montuiri
31%
Sant Luis
30%
Selva
30%
Búger
29%
Campanet
29%
Sencelles
29%
Ariany
28%
Consell
28%
Costix
28%
Es Castell
28%
Lloret de Vistalegre
28%
María de la Salut
28%
Puigpunyent
27%
Santa Eugénia
26%
Es Migjorn Gran
25%
No se encontraron pruebas coincidentes
Distribución de puntuación
Porcentaje de gente con cada puntuación
Porcentaje por número respondido
Historial de tus puntuaciones
No has intentado esta prueba desde el último reinicio